Kostol

Salvato in:
Dettagli Bibliografici
Autore principale: Blašková, Michaela (Autore)
Altri autori: Palková, Adela (Relatore della tesi)
Natura: Manoscritto Libro
Lingua:slovacco
Pubblicazione: 2017
Soggetti:
Accesso online:http://is.stuba.sk/zp/portal_zp.pl?podrobnosti=125127
https://opac.crzp.sk/?fn=detailBiblioForm&sid=CBCDB6E5622FB9C0D1584128BE80
Tags: Aggiungi Tag
Nessun Tag, puoi essere il primo ad aggiungerne!!

MARC

LEADER 00000ntm a22000003a 4500
001 stuzp63058
003 SK-STU
005 20230721114639.7
007 ta
008 150427s2015----xo-----f-mn---000-0-slo-d
040 |a STU  |b slo 
041 0 |a slo 
100 1 |a Blašková, Michaela  |u 010180  |4 aut  |U SvF Stavebná fakulta  |T SvF Katedra konštrukcií pozemných stavieb  |X 9395  |U V180  |Y 18  |7 9395 
242 0 1 |a Church  |y eng 
245 1 0 |a Kostol 
260 |c 2017 
650 4 |a kostol  |2 slo 
650 4 |a technická správa  |2 slo 
650 4 |a posudky  |2 slo 
650 4 |a technical report  |2 eng 
650 4 |a review  |2 eng 
650 4 |a church  |2 eng 
700 1 |a Palková, Adela  |u 010180  |k Z1  |4 ths  |U SvF Stavebná fakulta  |T SvF Katedra konštrukcií pozemných stavieb  |X 38081  |U V180  |Y 18  |7 A000038081 
856 4 |u http://is.stuba.sk/zp/portal_zp.pl?podrobnosti=125127 
856 4 |u https://opac.crzp.sk/?fn=detailBiblioForm&sid=CBCDB6E5622FB9C0D1584128BE80